<?xml version="1.0" encoding="UTF-8"?>
<record
    xmlns:xsi="http://www.w3.org/2001/XMLSchema-instance"
    xsi:schemaLocation="http://www.loc.gov/MARC21/slim http://www.loc.gov/standards/marcxml/schema/MARC21slim.xsd"
    xmlns="http://www.loc.gov/MARC21/slim">

  <leader>00787nas a2200217 a 4500</leader>
  <controlfield tag="005">20250415092617.0</controlfield>
  <controlfield tag="007">ta</controlfield>
  <controlfield tag="008">250122e2024    dr m||p|r||||||0| 0|spa d</controlfield>
  <datafield tag="040" ind1=" " ind2=" ">
    <subfield code="a">DO-SdBNP</subfield>
    <subfield code="c">BNPHU</subfield>
    <subfield code="e">rda</subfield>
  </datafield>
  <datafield tag="041" ind1=" " ind2=" ">
    <subfield code="h">spa</subfield>
  </datafield>
  <datafield tag="100" ind1=" " ind2=" ">
    <subfield code="a">Reyes, Orlando J.R.</subfield>
    <subfield code="d">1963-</subfield>
    <subfield code="9">75255</subfield>
    <subfield code="e">director</subfield>
  </datafield>
  <datafield tag="245" ind1=" " ind2=" ">
    <subfield code="a">Radar noroestano /</subfield>
    <subfield code="c">Orlando J.R. Reyes.</subfield>
  </datafield>
  <datafield tag="260" ind1=" " ind2=" ">
    <subfield code="a">Santiago Rodr&#xED;guez, Rep&#xFA;blica Dominicana : </subfield>
    <subfield code="b">Producciones Radar, </subfield>
    <subfield code="c">2024.</subfield>
  </datafield>
  <datafield tag="300" ind1=" " ind2=" ">
    <subfield code="a">volumen : </subfield>
    <subfield code="b">ilustraciones, fotograf&#xED;as ; </subfield>
    <subfield code="c">28 cm.</subfield>
  </datafield>
  <datafield tag="310" ind1=" " ind2=" ">
    <subfield code="a">Mensual.</subfield>
  </datafield>
  <datafield tag="362" ind1=" " ind2=" ">
    <subfield code="a">A&#xF1;o 27, No. 50. Diciembre 2024.</subfield>
  </datafield>
  <datafield tag="500" ind1=" " ind2=" ">
    <subfield code="a">Una revista de inter&#xE9;s local, regional, nacional e internacional.</subfield>
  </datafield>
  <datafield tag="650" ind1=" " ind2="0">
    <subfield code="a">Educaci&#xF3;n</subfield>
    <subfield code="9">86908</subfield>
    <subfield code="v">Publicaciones peri&#xF3;dicas</subfield>
  </datafield>
  <datafield tag="650" ind1=" " ind2="0">
    <subfield code="a">Teolog&#xED;a</subfield>
    <subfield code="9">2174</subfield>
    <subfield code="v">Publicaciones peri&#xF3;dicas</subfield>
  </datafield>
  <datafield tag="942" ind1=" " ind2=" ">
    <subfield code="2">ddc</subfield>
    <subfield code="c">ISSUE</subfield>
  </datafield>
  <datafield tag="952" ind1=" " ind2=" ">
    <subfield code="0">0</subfield>
    <subfield code="1">0</subfield>
    <subfield code="2">ddc</subfield>
    <subfield code="4">0</subfield>
    <subfield code="5">6</subfield>
    <subfield code="7">0</subfield>
    <subfield code="a">BNPHU</subfield>
    <subfield code="b">BNPHU</subfield>
    <subfield code="d">2025-01-22</subfield>
    <subfield code="h">A&#xF1;o 27, No. 50. Diciembre 2024</subfield>
    <subfield code="l">0</subfield>
    <subfield code="p">2025-0229</subfield>
    <subfield code="r">2025-01-22</subfield>
    <subfield code="t">e.1</subfield>
    <subfield code="w">2025-01-22</subfield>
    <subfield code="y">ISSUE</subfield>
    <subfield code="z">Teolog&#xED;a de la libertad. Un canto de esperanza desde la fe.</subfield>
  </datafield>
  <datafield tag="952" ind1=" " ind2=" ">
    <subfield code="0">0</subfield>
    <subfield code="1">0</subfield>
    <subfield code="2">ddc</subfield>
    <subfield code="4">0</subfield>
    <subfield code="5">6</subfield>
    <subfield code="7">0</subfield>
    <subfield code="a">BNPHU</subfield>
    <subfield code="b">BNPHU</subfield>
    <subfield code="d">2025-01-22</subfield>
    <subfield code="h">A&#xF1;o 27, No. 50. Diciembre 2024</subfield>
    <subfield code="l">0</subfield>
    <subfield code="p">2025-0230</subfield>
    <subfield code="r">2025-01-22</subfield>
    <subfield code="t">e.2</subfield>
    <subfield code="w">2025-01-22</subfield>
    <subfield code="y">ISSUE</subfield>
    <subfield code="z">Teolog&#xED;a de la libertad. Un canto de esperanza desde la fe.</subfield>
  </datafield>
  <datafield tag="952" ind1=" " ind2=" ">
    <subfield code="0">0</subfield>
    <subfield code="1">0</subfield>
    <subfield code="2">ddc</subfield>
    <subfield code="4">0</subfield>
    <subfield code="5">6</subfield>
    <subfield code="7">0</subfield>
    <subfield code="a">BNPHU</subfield>
    <subfield code="b">BNPHU</subfield>
    <subfield code="d">2025-01-22</subfield>
    <subfield code="h">A&#xF1;o 27, No. 50. Diciembre 2024</subfield>
    <subfield code="l">0</subfield>
    <subfield code="p">2025-0231</subfield>
    <subfield code="r">2025-01-22</subfield>
    <subfield code="t">e.3</subfield>
    <subfield code="w">2025-01-22</subfield>
    <subfield code="y">ISSUE</subfield>
    <subfield code="z">Teolog&#xED;a de la libertad. Un canto de esperanza desde la fe.</subfield>
  </datafield>
  <datafield tag="999" ind1=" " ind2=" ">
    <subfield code="c">58079</subfield>
    <subfield code="d">58079</subfield>
  </datafield>
</record>
